00940nam a22002297a 4500003000900000008004100009040007100050082004600121100003100167245003800198260006100236300002200297440005600319505013300375650001100508650002700519650002700546650001300573700002900586710005300615710004200668AR-CdUCM190403b ||||| |||| 00| 0 spa d aMUNICIPALIDAD PROVINCIAL DEL CUSCOcBIBLIOTECA MUNICIPAL DEL CUSCO 21ed. / 2da partea985.0095 /bG24C / 1960 aGarcilaso De la Vega, Inca aComentarios reales de los incas / aLima :bUniversidad Nacional Mayor de San Marcos,c1960. a3 tomos ;c16 cm. aBiblioteca de Cultura General. Serie Histórican5 aContenido: t.2: Libro cuarto de los comentarios reales de los Incas -- t.3: Libro setimo de los comentarios reales de los Incas. aPerú aDescripciones y viajes aÉpoca Prehispánica aHistoria aDurand, José (estudio) aUniversidad Nacional Mayor de San Marcos (Lima). aLiberia e Imprenta Minerva (auspicio)